| 000 | 01867nam a22003017a 4500 | ||
|---|---|---|---|
| 003 | UA-OsUOA | ||
| 001 | 127585 | ||
| 007 | ta | ||
| 008 | 20171205b un ||||| |||| 00| 0 ukr d | ||
| 090 |
_a004.8 + 004.9 + 519.7 + 330.46 _bУ67 |
||
| 942 | _cMGN | ||
| 040 |
_aUA-OsUOA _bukr _cUA-OsUOA _dUA-OsUOA |
||
| 245 |
_aУправляющие ситемы и машины _bЗасновники: Національна академяя наук України, Міжнародний науково-навчальний центр інформаційних технологій та систем НАН і МОН України, Інститут екібернетики ім. Глушкова НАН України, Фонд Глушкова _cГоловний редактор – Гриценко В.І., к.т.н., чл.-к. НАН України |
||
| 955 | _a2 | ||
| 041 | _aukr | ||
| 080 | _a004.8 + 004.9 + 519.7 + 330.46 | ||
| 022 | _a0130-5395 | ||
| 856 | 4 | 0 | _uhttp://usim.irtc.org.ua/?page_id=145&lang=ru |
| 520 | 3 | _aПублікуються оригінальні наукові й оглядові статті про прикладних і теоретичних результатах у сфері інформатики та інформаційних технологій, образного мислення, методів і засобів обробки знань, економіко-математичного моделювання.З липня 2014 УСиМ | |
| 520 | 3 | _aвключений в РІНЦ (РІНЦ). | |
| 260 |
_aК. _c2016 |
||
| 246 | 3 | 1 |
_aМіжнародний науковий журнал _n1 |
| 044 | _aUA | ||
| 773 | 0 |
_w127580 _tУправляющие ситемы и машины _dК. |
|
| 962 | _a1972 | ||
| 099 | _a71008 | ||
| 650 | 7 |
_a00 Загальні питання науки і культури _2UDC |
|
| 999 |
_c414835 _d414835 |
||